000 00782nam a2200277Ia 4500
001 Para_3856
003 CHAP
008 220125s1943 xx 000 0 und d
010 _a202377
040 _cCHAP
090 _aPA FOLLETO 1080
100 _aTravassos, Lauro
_9114709
245 _aAdelocephalinae da colecáo Julius Arp /
_c Lauro Travassos e Eduardo May
260 _aRio de Janeiro :
_b Ministerio de Educacáo e Saúde
300 _a22 p.
440 _aBoletim do Museo Nacional; 11
_9167535
650 _aLepidópteros
_966252
700 _aMay, Eduardo
_973185
901 _aPA FOLLETO 1080
902 _aA
905 _a0000001943 RIO 0000000000 00
910 _a1943
942 _cPARA
942 _cPARA
_d1
999 _c202377
_d202377